Catálogo

Las mil y una noche. (Registro nro. 65948)

Detalles MARC
000 -LEADER
fixed length control field 00629nam a2200217 u 4500
001 - CONTROL NUMBER
control field 65948
005 - DATE AND TIME OF LATEST TRANSACTION
control field 20180714073514.0
008 - FIXED-LENGTH DATA ELEMENTS--GENERAL INFORMATION
fixed length control field 160818s1993 mx r 000 0 spa d
020 ## - INTERNATIONAL STANDARD BOOK NUMBER
International Standard Book Number 968-29-5765-6
082 ## - DEWEY DECIMAL CLASSIFICATION NUMBER
Classification number 892.73
Item number CLE
100 1# - MAIN ENTRY--PERSONAL NAME
Personal name Clemente, Oracio
Relator term autor
245 14 - TITLE STATEMENT
Title Las mil y una noche.
250 ## - EDITION STATEMENT
Edition statement Primera edición
264 ## - PRODUCTION, PUBLICATION, DISTRIBUTION, MANUFACTURE, AND COPYRIGHT NOTICE
Place of production, publication, distribution, manufacture México :
Name of producer, publisher, distributor, manufacturer Centro Editor de América Latina S.A.
Date of production, publication, distribution, manufacture, or copyright notice 1994
300 ## - PHYSICAL DESCRIPTION
Extent 110 Páginas ;
Dimensions 23 cm.
336 ## - CONTENT TYPE
Content type term texto
Source rdacontent
337 ## - MEDIA TYPE
Media type term sin mediación
Source rdamedia
338 ## - CARRIER TYPE
Carrier type term volumen
Source rdacarrier
650 #0 - SUBJECT ADDED ENTRY--TOPICAL TERM
Topical term or geographic name entry element Cuentos Arabes
700 1# - ADDED ENTRY--PERSONAL NAME
Personal name Clemente, Oracio
Existencias
Withdrawn status Lost status Source of classification or shelving scheme Damaged status Not for loan Home library Current library Shelving location Date acquired Source of acquisition Total Checkouts Full call number Barcode Price effective from Koha item type Collection code Date last seen Date last checked out
  Extraviado Dewey Decimal Classification     Biblioteca Karol Wojtyla Biblioteca Karol Wojtyla   03/12/2013 Compra   800 BIB 52076 03/12/2013 Libro      
    Dewey Decimal Classification   Consulta en sala Tehuacán Tehuacán Sala general 18/08/2016 Compra 1 892.73 HOR 1994 510276 18/08/2016 Reserva permanente General 08/01/2025 24/04/2019